[Event "Lichtenberger Sommer 2016"]
[Site "?"]
[Date "2016.08.13"]
[Round "1.1"]
[White "Dobrov, Vladimir"]
[Black "Lehmkuhl, Stefan"]
[Result "1-0"]
[WhiteElo "2510"]
[BlackElo "1875"]
[PlyCount "35"]
[EventDate "2016.??.??"]
[WhiteTeam "Perovo Moscow"]
[BlackTeam "Breloher SC"]

1. e4 d6 2. d4 Nf6 3. Nc3 c6 4. Bg5 Nbd7 5. f4 Qa5 6. Bd3 h6 7. Bxf6 Nxf6 8. e5
Nd5 9. Qd2 Nxc3 10. bxc3 g5 11. Nf3 gxf4 12. O-O Be6 13. Rab1 O-O-O 14. Rb4
dxe5 15. Rfb1 exd4 16. Rxb7 dxc3 17. Qxf4 Bg7 18. Qb8# 1-0

[Event "Lichtenberger Sommer 2016"]
[Site "?"]
[Date "2016.08.13"]
[Round "1.2"]
[White "Kapp, Frank"]
[Black "Poetsch, Hagen"]
[Result "0-1"]
[WhiteElo "1913"]
[BlackElo "2501"]
[PlyCount "116"]
[EventDate "2016.??.??"]
[WhiteTeam "TSV IFA Chemnitz"]
[BlackTeam "SF Schöneck"]

1. d4 d5 2. Bf4 Nf6 3. Nf3 g6 4. e3 Bg7 5. h3 O-O 6. Bd3 c5 7. c3 Nc6 8. O-O
Nd7 9. Nbd2 Re8 10. Re1 e5 11. Nxe5 Ndxe5 12. dxe5 Nxe5 13. Bxe5 Rxe5 14. Nf3
Re7 15. Qd2 Be6 16. Rad1 Rd7 17. Bb1 Rc8 18. Qd3 Qf6 19. Rd2 Rcd8 20. Qe2 h5
21. Red1 Bh6 22. Rd3 d4 23. cxd4 Bc4 24. Ne5 Bxd3 25. Nxd7 Bxe2 26. Nxf6+ Kg7
27. Re1 cxd4 28. Rxe2 dxe3 29. Nxh5+ gxh5 30. Bc2 Re8 31. g3 h4 32. Kg2 Kf6 33.
gxh4 Rg8+ 34. Kf3 exf2 35. Rxf2 Ke5 36. Re2+ Kd6 37. Bf5 b5 38. Re4 Rg1 39. Re2
b4 40. Bc2 Bc1 41. a3 bxa3 42. bxa3 Bxa3 43. Rd2+ Ke7 44. Re2+ Kf6 45. Ba4 Bd6
46. Bd7 a5 47. Rg2 Rd1 48. Rg5 Bc7 49. Rf5+ Ke7 50. Bb5 Rd4 51. h5 Rh4 52. Kg2
a4 53. Be2 a3 54. Bg4 a2 55. Rf1 Be5 56. Kf3 f5 57. Re1 fxg4+ 58. hxg4 a1=Q 0-1

[Event "Lichtenberger Sommer 2016"]
[Site "?"]
[Date "2016.08.13"]
[Round "1.3"]
[White "Morawietz, Dieter"]
[Black "Schröter, Maik"]
[Result "1-0"]
[WhiteElo "2424"]
[BlackElo "1904"]
[PlyCount "99"]
[EventDate "2016.??.??"]
[WhiteTeam "Klub Kölner SF"]
[BlackTeam "SG Stadtilm"]

1. e4 Nc6 2. Nf3 d5 3. exd5 Qxd5 4. Nc3 Qa5 5. d4 Bg4 6. d5 O-O-O 7. Bd2 Nb4 8.
Bc4 Qc5 9. a3 Nxd5 10. Bxd5 Rxd5 11. Nxd5 Qxd5 12. Qe2 Nf6 13. Qe3 Bxf3 14.
gxf3 e6 15. Qxa7 Bc5 16. Qa8+ Kd7 17. Qa4+ Ke7 18. Bb4 Bxb4+ 19. Qxb4+ c5 20.
Qb3 Qxb3 21. cxb3 Nd5 22. Rg1 g6 23. Rg4 b5 24. Re4 Kd6 25. Rc1 Ra8 26. Kf1 h5
27. Kg2 Ra7 28. Kg3 Ra8 29. Kh4 Ra7 30. Kg5 Ra8 31. Rc2 Ra7 32. Re1 Ra8 33.
Rec1 Rc8 34. Kh6 Rh8+ 35. Kg7 Rc8 36. Kxf7 Nf4 37. Rd2+ Ke5 38. Rd7 Kf5 39. Ke7
Rc6 40. Rd6 Nd5+ 41. Kd7 Rc7+ 42. Kd8 Rh7 43. Re1 Nf4 44. Rd7 Rh8+ 45. Kc7 Nd5+
46. Kd6 Nf6 47. Re5+ Kf4 48. Rf7 Rd8+ 49. Kxe6 Re8+ 50. Kxf6 1-0

[Event "Lichtenberger Sommer 2016"]
[Site "?"]
[Date "2016.08.13"]
[Round "1.4"]
[White "Acikel, Mert"]
[Black "Ahmadinia, Ebrahim"]
[Result "0-1"]
[WhiteElo "1820"]
[BlackElo "2357"]
[PlyCount "88"]
[EventDate "2016.??.??"]
[WhiteTeam "SK König Tegel"]
[BlackTeam "SF 1903 Berlin"]

1. e4 g6 2. d4 Bg7 3. Nc3 d6 4. f4 a6 5. Nf3 b5 6. Bd3 Nd7 7. O-O c5 8. Be3 Nh6
9. h3 Bb7 10. a3 Qc7 11. Qd2 Ng8 12. Rae1 cxd4 13. Bxd4 Bxd4+ 14. Nxd4 Qb6 15.
Qe3 e5 16. Nb3 Qxe3+ 17. Rxe3 Ne7 18. Na5 Rb8 19. Nxb7 Rxb7 20. a4 b4 21. Nd5
Nxd5 22. exd5 Ra7 23. Re4 a5 24. Bb5 f5 25. Rc4 Ke7 26. Bxd7 Kxd7 27. fxe5 dxe5
28. g4 Rf8 29. gxf5 gxf5 30. Rc6 Rc7 31. Re6 Rxc2 32. Rxe5 Kd6 33. Re6+ Kxd5
34. Ra6 Rxb2 35. Rf4 Ke5 36. Rc4 Rd8 37. Rxa5+ Rd5 38. Rxd5+ Kxd5 39. Rf4 b3
40. Rxf5+ Kc4 41. Rf4+ Kc3 42. a5 Ra2 43. Rf3+ Kb4 44. Kf1 b2 0-1

[Event "Lichtenberger Sommer 2016"]
[Site "?"]
[Date "2016.08.13"]
[Round "1.5"]
[White "Ross, Chris N"]
[Black "Hoffbauer, Joerg"]
[Result "1-0"]
[WhiteElo "2199"]
[BlackElo "1765"]
[PlyCount "113"]
[EventDate "2016.??.??"]
[WhiteTeam "Schachgemeinschaft Niederkasse"]
[BlackTeam "BSG Bund (FV Schach)"]

1. e4 c5 2. Nf3 d6 3. Bb5+ Nd7 4. O-O Ngf6 5. Re1 a6 6. Bf1 e6 7. c3 Be7 8. d4
b5 9. a4 b4 10. e5 Nd5 11. c4 Nc7 12. exd6 Bxd6 13. Nbd2 Nf6 14. Nb3 cxd4 15.
Nbxd4 O-O 16. Bg5 Bb7 17. Qd2 Be7 18. Bd3 Qd7 19. Ne5 Qd6 20. Rad1 Rfd8 21. Qe3
Nce8 22. Bc2 Qb6 23. Nb3 Qxe3 24. Bxe3 Rxd1 25. Rxd1 Rc8 26. Na5 Ba8 27. Bb6
Nd6 28. f3 Kf8 29. Bd3 Nb7 30. Nxb7 Bxb7 31. Be2 Ke8 32. b3 Bc5+ 33. Bxc5 Rxc5
34. Nd3 Rc6 35. a5 Nd7 36. Nxb4 Rc5 37. Ra1 Re5 38. Kf2 Nc5 39. Nd3 Nxd3+ 40.
Bxd3 f5 41. b4 Bc6 42. Re1 Rxe1 43. Kxe1 Kd8 44. Kf2 g6 45. f4 Kc7 46. g3 Kd6
47. Ke3 e5 48. fxe5+ Kxe5 49. b5 Bb7 50. Be2 Kd6 51. Bf3 Bxf3 52. Kxf3 axb5 53.
a6 Kc6 54. cxb5+ Kb6 55. Kf4 Ka7 56. h4 Kb6 57. h5 1-0

[Event "Lichtenberger Sommer 2016"]
[Site "?"]
[Date "2016.08.13"]
[Round "1.6"]
[White "Figura, Atila Gajo"]
[Black "Baranowsky, Peter"]
[Result "1-0"]
[WhiteElo "2374"]
[BlackElo "1923"]
[PlyCount "63"]
[EventDate "2016.??.??"]
[WhiteTeam "SC Kreuzberg"]
[BlackTeam "SF 1903 Berlin"]

1. e4 e6 2. d4 d5 3. Nd2 Nf6 4. e5 Nfd7 5. c3 c5 6. Bd3 Nc6 7. Ne2 Qb6 8. Nf3
cxd4 9. cxd4 Bb4+ 10. Kf1 a5 11. a3 Be7 12. h4 Ndb8 13. Nf4 Bd7 14. Bc2 Qb5+
15. Kg1 Na6 16. Nh5 g6 17. Nf6+ Bxf6 18. exf6 O-O-O 19. Bd3 Qb6 20. Bf4 Nc7 21.
Qc2 Be8 22. Kh2 e5 23. dxe5 Ne6 24. Bg3 Rd7 25. b4 Rc7 26. Qa2 d4 27. Bc4 Bd7
28. Ng5 Nxg5 29. hxg5 h6 30. Kg1 Be6 31. Bxe6+ fxe6 32. Qxe6+ 1-0

[Event "Lichtenberger Sommer 2016"]
[Site "?"]
[Date "2016.08.13"]
[Round "1.7"]
[White "Christensen, Andreas"]
[Black "Rietze, Clemens"]
[Result "1/2-1/2"]
[WhiteElo "1773"]
[BlackElo "2368"]
[PlyCount "114"]
[EventDate "2016.??.??"]
[WhiteTeam "Hamburger SK"]
[BlackTeam "SC Rotation Pankow"]

1. e4 c5 2. Nf3 e6 3. d4 cxd4 4. Nxd4 Nc6 5. c4 Nf6 6. Nc3 Bb4 7. Nxc6 bxc6 8.
Qc2 O-O 9. Be2 e5 10. O-O Bc5 11. Na4 Bd4 12. Bd2 d6 13. Rac1 Be6 14. h3 Nd7
15. Be3 Bxe3 16. fxe3 Qg5 17. Rf3 f5 18. Rcf1 fxe4 19. Qxe4 d5 20. Rxf8+ Nxf8
21. Qf3 Nd7 22. cxd5 cxd5 23. Bb5 Nf6 24. Nc5 Kf7 25. Nxe6 Kxe6 26. Rc1 Rb8 27.
a4 Rb6 28. Rc7 a6 29. Rc6+ Rxc6 30. Bxc6 Qg6 31. Qe2 Qb1+ 32. Kh2 a5 33. Bb7
Qe4 34. Bc8+ Kf7 35. Bb7 Qxa4 36. Ba6 Qe4 37. Bb7 Qb4 38. Bc8 Qb6 39. Bf5 e4
40. Qc2 Qb8+ 41. Kg1 Qe5 42. Bc8 Kg6 43. Ba6 d4 44. exd4 Qxd4+ 45. Kh1 h5 46.
Bb7 Qb4 47. Bc6 Qe1+ 48. Kh2 h4 49. Bb5 Nh5 50. Be8+ Kh6 51. Bxh5 Kxh5 52. Qc5+
Kh6 53. Qe5 Qe3 54. Qe6+ Kh7 55. Qf5+ Kh6 56. Qe6+ Kg5 57. Qe5+ Kh6 1/2-1/2

[Event "Lichtenberger Sommer 2016"]
[Site "?"]
[Date "2016.08.13"]
[Round "1.8"]
[White "Melamed, Tatjana"]
[Black "Junge, Wolfgang"]
[Result "1-0"]
[WhiteElo "2318"]
[BlackElo "1875"]
[PlyCount "61"]
[EventDate "2016.??.??"]
[WhiteTeam "AE Magdeburg"]
[BlackTeam "SC Friesen Lichtenberg"]

1. e4 e5 2. Nf3 Nf6 3. Nxe5 d6 4. Nf3 Nxe4 5. d4 d5 6. Bd3 Nc6 7. O-O Be7 8. c4
Nb4 9. Be2 O-O 10. Nc3 Be6 11. a3 Nxc3 12. bxc3 Nc6 13. c5 Bf6 14. Bf4 b6 15.
Qa4 Ne7 16. Rac1 Ng6 17. Bg3 Be7 18. Bb5 bxc5 19. Bc6 Rb8 20. Qxa7 Bd6 21. dxc5
Bxg3 22. hxg3 Ne7 23. Bb7 c6 24. Rb1 Qc7 25. Qb6 Qxb6 26. Rxb6 Nc8 27. Rb4 Na7
28. Rfb1 Bf5 29. R1b2 Bd3 30. Ne5 Bb5 31. Bxc6 1-0

[Event "Lichtenberger Sommer 2016"]
[Site "?"]
[Date "2016.08.13"]
[Round "1.9"]
[White "Mayer, Herbert"]
[Black "Von Herman, Ulf"]
[Result "0-1"]
[WhiteElo "1900"]
[BlackElo "2340"]
[PlyCount "34"]
[EventDate "2016.??.??"]
[WhiteTeam "SC Rochade (Berlin)"]
[BlackTeam "SK König Tegel"]

1. f4 d5 2. b3 Bg4 3. Bb2 e6 4. d3 Ne7 5. Qd2 d4 6. e4 dxe3 7. Qxe3 Nf5 8. Qf2
Be7 9. Nf3 Nc6 10. Be2 Nb4 11. Na3 Nd5 12. Nd2 Bxe2 13. Kxe2 Qd6 14. g3 Qc6 15.
Rhc1 Bc5 16. Qf3 Bxa3 17. Bxa3 Nd4+ 0-1

[Event "Lichtenberger Sommer 2016"]
[Site "?"]
[Date "2016.08.13"]
[Round "1.10"]
[White "Lerch, Philipp"]
[Black "Körner, Helmut"]
[Result "1-0"]
[WhiteElo "2315"]
[BlackElo "1870"]
[PlyCount "131"]
[EventDate "2016.??.??"]
[WhiteTeam "SC Kreuzberg"]
[BlackTeam "SF Nordost Berlin"]

1. c4 e5 2. Nc3 Nc6 3. Nf3 g6 4. e3 Bg7 5. d4 exd4 6. exd4 d6 7. Bg5 Nce7 8.
Bd3 h6 9. Bd2 Bf5 10. Qc2 Nf6 11. h3 Qd7 12. O-O-O O-O-O 13. d5 Kb8 14. Be3
Bxd3 15. Rxd3 Nc8 16. Nd4 Rde8 17. Qb3 Ka8 18. f3 Nh5 19. Rhd1 Ng3 20. Qa3 c5
21. dxc6 bxc6 22. Qa4 Nf5 23. Nxf5 gxf5 24. Nd5 Rd8 25. Nb4 c5 26. Qxd7 Rxd7
27. Nc2 Rb7 28. b3 Re8 29. Rd5 Rbe7 30. Bf4 Re2 31. g3 Rf2 32. Rxf5 Ree2 33.
Bd2 Bc3 34. Rd5 Rxf3 35. Bxc3 Rxc3 36. R1d2 Rxd2 37. Kxd2 Rxg3 38. Rh5 Rg6 39.
Rf5 Rg2+ 40. Kc1 Rg3 41. h4 Rg4 42. h5 Rh4 43. Ne3 Re4 44. Kd2 Rh4 45. a4 Kb8
46. a5 a6 47. Nd5 Rh3 48. Kc2 Rh2+ 49. Kc3 Rh3+ 50. Kb2 Rh2+ 51. Ka3 Rh1 52.
Nf4 Ne7 53. Rxf7 Nc6 54. Rd7 Rh4 55. Rxd6 Nb4 56. Nd5 Nc2+ 57. Kb2 Nd4 58. Rxh6
Rh2+ 59. Kc3 Rh3+ 60. Kd2 Nxb3+ 61. Ke2 Nxa5 62. Rh8+ Ka7 63. h6 Nxc4 64. h7 a5
65. Nf6 a4 66. Rg8 1-0

[Event "Lichtenberger Sommer 2016"]
[Site "?"]
[Date "2016.08.13"]
[Round "1.11"]
[White "Rollwitz, Jürgen"]
[Black "Förster, Jonas"]
[Result "0-1"]
[WhiteElo "1951"]
[BlackElo "2289"]
[PlyCount "66"]
[EventDate "2016.??.??"]
[WhiteTeam "SC Rochade (Berlin)"]
[BlackTeam "SV Empor Berlin"]

1. e4 g6 2. Nf3 Bg7 3. Be2 c5 4. d3 Nf6 5. c3 O-O 6. O-O Nc6 7. Nbd2 e5 8. Re1
d5 9. Bf1 h6 10. Qc2 Be6 11. exd5 Nxd5 12. Nc4 Qc7 13. g3 b5 14. Ne3 Nb6 15.
Bg2 Rac8 16. Bd2 Rfd8 17. Rad1 a5 18. Bc1 a4 19. Qb1 b4 20. c4 b3 21. axb3 axb3
22. Bd2 e4 23. dxe4 Nxc4 24. Nxc4 Bxc4 25. Bf1 Bxf1 26. Kxf1 c4 27. e5 Rd3 28.
Be3 Rxd1 29. Qxd1 Nb4 30. Re2 Nd3 31. Bd4 Rd8 32. Qb1 Qc6 33. Re3 Rxd4 0-1

[Event "Lichtenberger Sommer 2016"]
[Site "?"]
[Date "2016.08.13"]
[Round "1.12"]
[White "Rudakov, Aleksandr"]
[Black "Lange, Cecilia"]
[Result "1/2-1/2"]
[WhiteElo "2242"]
[BlackElo "1858"]
[PlyCount "89"]
[EventDate "2016.??.??"]
[BlackTeam "TSG Oberschöneweide"]

1. e4 e6 2. d4 d5 3. Nd2 a6 4. Bd3 c5 5. exd5 Qxd5 6. Ngf3 Nf6 7. c4 Qd8 8. Ne4
Be7 9. Nxc5 Bxc5 10. dxc5 Qa5+ 11. Bd2 Qxc5 12. b4 Qe7 13. O-O O-O 14. Bc3 Nbd7
15. Qe2 Rd8 16. Rfd1 b6 17. Ne5 Bb7 18. Ng4 Nxg4 19. Qxg4 Nf6 20. Qh4 h6 21.
Bd4 Rd7 22. Bxf6 gxf6 23. Qxh6 f5 24. Bc2 Rxd1+ 25. Rxd1 Qxb4 26. h4 Qf8 27.
Qxf8+ Kxf8 28. Rd7 Rb8 29. f3 Kg7 30. Kf2 Ba8 31. g4 fxg4 32. fxg4 Rc8 33. Bd3
b5 34. cxb5 axb5 35. g5 Bc6 36. Ra7 Rd8 37. Ke3 Rh8 38. g6 Rxh4 39. Rxf7+ Kg8
40. Rc7 Bd5 41. Bxb5 Bxa2 42. Be8 Rg4 43. Kf3 Rg1 44. Kf4 Bb1 45. Bf7+ 1/2-1/2

[Event "Lichtenberger Sommer 2016"]
[Site "?"]
[Date "2016.08.13"]
[Round "1.13"]
[White "Kling, Maximilian"]
[Black "Rosmann, Ilja"]
[Result "0-1"]
[WhiteElo "1804"]
[BlackElo "2289"]
[PlyCount "100"]
[EventDate "2016.??.??"]
[WhiteTeam "SK Kriegshaber"]
[BlackTeam "Königsspr. SC"]

1. e4 e6 2. d4 d5 3. Nd2 c5 4. exd5 exd5 5. Ngf3 a6 6. dxc5 Bxc5 7. Nb3 Bb6 8.
Qe2+ Ne7 9. Be3 Nbc6 10. Bxb6 Qxb6 11. Qd2 O-O 12. Be2 Bf5 13. O-O Be4 14. c3
Rad8 15. Nfd4 Rfe8 16. Bf3 Ng6 17. Rfe1 Nb8 18. Bxe4 dxe4 19. Qc2 e3 20. fxe3
Nd7 21. Nd2 Nf6 22. Kh1 Ng4 23. e4 Nxh2 24. Kxh2 Qc7+ 25. Kg1 Rxd4 26. Nf3 Rd7
27. Qa4 Rde7 28. Rad1 Qb6+ 29. Kh1 Qxb2 30. Qc4 Qf2 31. Rf1 Qg3 32. Rd2 Rxe4
33. Qd5 h6 34. Qxb7 Re2 35. Rxe2 Rxe2 36. Nh2 Re7 37. Qb6 Qxc3 38. Qxa6 Qg3 39.
a4 Kh7 40. Qc4 f6 41. Qc2 Re5 42. Nf3 Rh5+ 43. Kg1 Qf4 44. Re1 Qb4 45. Rb1 Qa5
46. Rb7 Rc5 47. Qd1 Qc3 48. Rb3 Qc1 49. Rb1 Qe3+ 50. Kf1 Rh5 0-1

[Event "Lichtenberger Sommer 2016"]
[Site "?"]
[Date "2016.08.13"]
[Round "1.14"]
[White "Kapp, Martin"]
[Black "Schmalzried, Volker"]
[Result "1-0"]
[WhiteElo "2305"]
[BlackElo "1870"]
[PlyCount "67"]
[EventDate "2016.??.??"]
[WhiteTeam "ESV Lok Raw Cottbus"]
[BlackTeam "vereinslos"]

1. d4 g6 2. e4 Bg7 3. Nf3 c5 4. d5 d6 5. Be2 Nf6 6. Nc3 O-O 7. O-O Na6 8. h3
Nc7 9. a4 a6 10. Bf4 Rb8 11. a5 b5 12. axb6 Rxb6 13. Ra2 Nb5 14. Na4 Rb7 15. c4
Nc7 16. e5 Nfe8 17. Re1 Na8 18. Bd3 Nb6 19. Nc3 Nd7 20. b3 dxe5 21. Nxe5 Nxe5
22. Bxe5 Bxe5 23. Rxe5 Qd6 24. Re3 Nf6 25. Rae2 e6 26. Be4 exd5 27. Bxd5 Rd7
28. Rd2 Qc7 29. Rf3 Qe5 30. Re2 Qg5 31. Qe1 Bb7 32. Re5 Qh4 33. g3 Bxd5 34.
Nxd5 1-0

[Event "Lichtenberger Sommer 2016"]
[Site "?"]
[Date "2016.08.13"]
[Round "1.15"]
[White "Stein, Siegfried"]
[Black "Hansch, Karsten"]
[Result "0-1"]
[WhiteElo "1856"]
[BlackElo "2265"]
[PlyCount "52"]
[EventDate "2016.??.??"]
[WhiteTeam "SV Berolina Mitte"]
[BlackTeam "SC Empor Potsdam"]

1. e4 c5 2. Nf3 d6 3. d4 cxd4 4. Nxd4 Nf6 5. Nc3 a6 6. Bc4 e6 7. Bb3 Nbd7 8.
O-O Nc5 9. Re1 Be7 10. Bg5 O-O 11. f4 Nxb3 12. Nxb3 Qb6+ 13. Kh1 h6 14. Bh4
Nxe4 15. Rxe4 Bxh4 16. f5 Bf6 17. fxe6 fxe6 18. Qe2 Bxc3 19. bxc3 e5 20. c4 Rf2
21. Qd3 Bf5 22. Qd5+ Kh8 23. Ree1 Rf8 24. c5 dxc5 25. Qxe5 Qc6 26. Qg3 Be4 0-1

[Event "Lichtenberger Sommer 2016"]
[Site "?"]
[Date "2016.08.13"]
[Round "1.17"]
[White "Bonke, Hans-Jürgen"]
[Black "Giemsa, Stephan"]
[Result "0-1"]
[WhiteElo "1893"]
[BlackElo "2261"]
[PlyCount "128"]
[EventDate "2016.??.??"]
[WhiteTeam "SC Kreuzberg"]
[BlackTeam "SK König Tegel"]

1. d4 Nf6 2. Nf3 g6 3. Bf4 Bg7 4. e3 d6 5. h3 O-O 6. Be2 c5 7. c3 b6 8. Nbd2
Bb7 9. O-O Nbd7 10. Rc1 a6 11. Bh2 b5 12. Bd3 e5 13. e4 Nh5 14. d5 Nf4 15. Bb1
c4 16. Bxf4 exf4 17. Nd4 Qb6 18. N2f3 Rae8 19. Re1 Nc5 20. b3 cxb3 21. axb3 a5
22. Qd2 b4 23. cxb4 Qxb4 24. Qxb4 axb4 25. Rc4 Ba6 26. Rxb4 Nd3 27. Bxd3 Bxd3
28. Nc6 Bc3 29. e5 dxe5 30. Rc1 Bxb4 31. Nxb4 Bf5 32. Nh4 Rc8 33. Nc6 Kg7 34.
Nxf5+ gxf5 35. b4 Rfd8 36. Rc5 Rd7 37. b5 f6 38. b6 Rb7 39. Rb5 Ra8 40. Na5
Rxa5 41. Rxa5 Rxb6 42. Ra7+ Kg6 43. Ra1 h5 44. h4 Rd6 45. Rd1 Kf7 46. Kf1 Ke7
47. Ke2 Ra6 48. g3 Ra2+ 49. Kf1 f3 50. d6+ Kd7 51. Ke1 Ra7 52. Kd2 Ra2+ 53. Ke1
Ra7 54. Kd2 e4 55. Ke3 Ra2 56. Rd5 Re2+ 57. Kf4 Rxf2 58. Rxf5 Re2 59. Rxf6 f2
60. Ke5 e3 61. Rf7+ Kc6 62. Rc7+ Kb6 63. Rf7 Re1 64. d7 Kc7 0-1

[Event "Lichtenberger Sommer 2016"]
[Site "?"]
[Date "2016.08.13"]
[Round "1.18"]
[White "Ritter, Uwe"]
[Black "Schiffer, Stefan"]
[Result "0-1"]
[WhiteElo "1928"]
[BlackElo "2237"]
[PlyCount "54"]
[EventDate "2016.??.??"]
[WhiteTeam "Reideburger SV"]
[BlackTeam "Brühler SK"]

1. f4 d5 2. Nf3 g6 3. e3 Bg7 4. d4 Nf6 5. Bd3 c5 6. c3 Nc6 7. O-O Bg4 8. Nbd2
O-O 9. Qe1 e6 10. b3 Re8 11. Bb2 Bf5 12. Bb5 a6 13. Bxc6 bxc6 14. Ne5 Rc8 15.
dxc5 Nd7 16. Nxd7 Qxd7 17. e4 dxe4 18. Nxe4 Qd5 19. Ng3 Rcd8 20. Nxf5 exf5 21.
Qf2 Qd2 22. Qxd2 Rxd2 23. Rf2 Ree2 24. Rxe2 Rxe2 25. Rb1 Rc2 26. a3 Bxc3 27.
Rc1 Bd4+ 0-1

[Event "Lichtenberger Sommer 2016"]
[Site "?"]
[Date "2016.08.13"]
[Round "1.19"]
[White "Rehberg, Raphael"]
[Black "Woinowski, Michael"]
[Result "1-0"]
[WhiteElo "2248"]
[BlackElo "1734"]
[PlyCount "57"]
[EventDate "2016.??.??"]
[WhiteTeam "SG Lok Brandenburg"]
[BlackTeam "SC Kreuzberg"]

1. e4 e5 2. Nf3 Nc6 3. Bc4 Bc5 4. d3 Nf6 5. Bb3 a6 6. c3 d6 7. Nbd2 Ba7 8. Nc4
b5 9. Ne3 Ne7 10. O-O O-O 11. a4 Bb7 12. Kh1 Qc8 13. Nh4 d5 14. Nhf5 Nxf5 15.
Nxf5 Qd7 16. f3 c5 17. axb5 axb5 18. Bg5 Ne8 19. Be7 Nc7 20. Bxf8 Kxf8 21. Qe1
c4 22. Bc2 d4 23. cxd4 exd4 24. dxc4 Bc5 25. Rxa8+ Bxa8 26. b4 bxc4 27. bxc5 d3
28. Qc3 Ne6 29. Qxc4 1-0

[Event "Lichtenberger Sommer 2016"]
[Site "?"]
[Date "2016.08.13"]
[Round "1.20"]
[White "Prütz, Sigurd"]
[Black "Niehaus, Frank"]
[Result "0-1"]
[WhiteElo "1724"]
[BlackElo "2255"]
[PlyCount "114"]
[EventDate "2016.??.??"]
[WhiteTeam "Königsjäger Süd-West"]
[BlackTeam "SK König Tegel"]

1. e4 c5 2. Nf3 d6 3. Bb5+ Bd7 4. a4 Nc6 5. c3 Nf6 6. d3 e6 7. O-O Be7 8. h3
O-O 9. Bf4 a6 10. Bc4 d5 11. exd5 exd5 12. Bb3 Be6 13. Na3 h6 14. Re1 Re8 15.
Qd2 Qd7 16. Re2 Bf8 17. Rae1 Bf5 18. Ne5 Nxe5 19. Bxe5 Nh7 20. a5 f6 21. Bg3
Rxe2 22. Rxe2 Ng5 23. h4 Nf7 24. d4 c4 25. Bc2 Bxa3 26. Bxf5 Qxf5 27. bxa3 Qd7
28. Qe1 Kf8 29. Re6 Re8 30. Rxe8+ Qxe8 31. Qxe8+ Kxe8 32. Bc7 Kd7 33. Bb6 Nd6
34. Bc5 h5 35. g3 g6 36. Kg2 Ne4 37. Bb4 Kc6 38. a4 Kd7 39. f3 Nd6 40. Kf2 Nf7
41. g4 Nd8 42. Ke3 Nc6 43. Bf8 Nxa5 44. f4 hxg4 45. f5 gxf5 46. Kf4 Ke8 47. Bd6
Kf7 48. Kxf5 Nc6 49. Kxg4 Nd8 50. h5 Ne6 51. Ba3 b5 52. axb5 axb5 53. Bc1 b4
54. cxb4 Nxd4 55. Be3 Nb5 56. Kf5 d4 57. h6 dxe3 0-1

[Event "Lichtenberger Sommer 2016"]
[Site "?"]
[Date "2016.08.13"]
[Round "1.21"]
[White "Schnabel, Ralf"]
[Black "Krüger, Ekkehard"]
[Result "1-0"]
[WhiteElo "2235"]
[BlackElo "1818"]
[PlyCount "63"]
[EventDate "2016.??.??"]
[WhiteTeam "ESV Nickelhütte Aue"]
[BlackTeam "Narva Berlin"]

1. e4 e5 2. Nf3 Nc6 3. Bb5 a6 4. Bxc6 dxc6 5. O-O Bg4 6. h3 Bxf3 7. Qxf3 Nf6 8.
d3 Qd6 9. Nd2 Nd7 10. Nc4 Qf6 11. Qxf6 gxf6 12. f4 Bc5+ 13. Be3 Bxe3+ 14. Nxe3
h5 15. Rf3 Ke7 16. Raf1 Raf8 17. Kh2 Rhg8 18. b3 Rg6 19. fxe5 fxe5 20. Rf5 Rh6
21. Rxe5+ Nxe5 22. Nf5+ Ke6 23. Nxh6 Rh8 24. Nf5 c5 25. Ng7+ Ke7 26. Rf5 Kd6
27. Nxh5 b5 28. g4 a5 29. Rf6+ Kd7 30. Ra6 Nc6 31. Nf6+ Kd6 32. e5+ 1-0

[Event "Lichtenberger Sommer 2016"]
[Site "?"]
[Date "2016.08.13"]
[Round "1.22"]
[White "Schmidt, Fabian"]
[Black "Vogel, Robert"]
[Result "1/2-1/2"]
[WhiteElo "1810"]
[BlackElo "2215"]
[PlyCount "77"]
[EventDate "2016.??.??"]
[WhiteTeam "Königsjäger Süd-West"]
[BlackTeam "SG Pang-Rosenheim"]

1. e4 g6 2. d4 Bg7 3. Nf3 d6 4. Nc3 Nf6 5. Be2 O-O 6. O-O Nc6 7. Be3 Re8 8. h3
e5 9. dxe5 Nxe5 10. Nxe5 Rxe5 11. Bf4 Re8 12. Bd3 Bd7 13. Re1 Bc6 14. Qd2 Qd7
15. Re2 Re6 16. Rae1 b5 17. e5 dxe5 18. Rxe5 b4 19. Nd1 Rxe5 20. Bxe5 a5 21.
Bh2 Rd8 22. Qg5 Bd5 23. Ne3 h6 24. Qe5 Bxa2 25. Qxa5 b3 26. Qxc7 bxc2 27. Qxd7
Nxd7 28. Bxc2 Bxb2 29. Rd1 Be6 30. Ba4 Bf6 31. Bc7 Rc8 32. Bxd7 Rxc7 33. Bxe6
fxe6 34. g3 Kf7 35. Kg2 Ke7 36. Re1 Kf7 37. Ng4 Bg7 38. Ne5+ Bxe5 39. Rxe5
1/2-1/2

[Event "Lichtenberger Sommer 2016"]
[Site "?"]
[Date "2016.08.13"]
[Round "1.23"]
[White "Dimitrijeski, Kristian"]
[Black "Lieder, Günter"]
[Result "1-0"]
[WhiteElo "2212"]
[BlackElo "1866"]
[PlyCount "151"]
[EventDate "2016.??.??"]
[WhiteTeam "SK König Tegel"]
[BlackTeam "SK Turm Bad Hersfeld"]

1. d4 d5 2. c4 e6 3. Nc3 Nf6 4. cxd5 exd5 5. Bg5 c6 6. e3 Be7 7. Bd3 Bg4 8. Qc2
Nbd7 9. h3 Bh5 10. Nge2 Bg6 11. O-O Bxd3 12. Qxd3 h6 13. Bh4 O-O 14. Rab1 Nh7
15. Bxe7 Qxe7 16. b4 a6 17. a4 Nhf6 18. b5 axb5 19. axb5 Qd6 20. bxc6 bxc6 21.
Qc2 Rfb8 22. Rxb8+ Rxb8 23. Na4 Ne4 24. Rc1 Rc8 25. f3 Nef6 26. Nf4 Qe7 27. Qd3
Ra8 28. Nc5 Nb6 29. e4 g5 30. Ne2 Nc4 31. e5 Nd7 32. Nxd7 Qxd7 33. Ng3 c5 34.
Nh5 Ra6 35. Nf6+ Rxf6 36. exf6 Qc6 37. dxc5 Qxc5+ 38. Kh1 Qc6 39. Qd4 Kh7 40.
Qd3+ Kg8 41. Qd4 Kh7 42. Rd1 Nb6 43. Rb1 Nd7 44. Qd3+ Kg8 45. Qd4 Kh7 46. f4
Kg6 47. fxg5 hxg5 48. Rf1 Nxf6 49. Qd3+ Ne4 50. Rd1 Qc7 51. Ra1 Qc4 52. Ra6+ f6
53. Qxc4 dxc4 54. Rc6 c3 55. g4 Kf7 56. Kg2 Ke7 57. Rc4 Nd6 58. Rxc3 Ke6 59.
Kf3 Ke5 60. Re3+ Kd5 61. Re7 Nc4 62. Rd7+ Ke6 63. Rd8 Ke7 64. Rd4 Nd6 65. Ra4
Ke6 66. Ke3 Ke5 67. Ra5+ Ke6 68. Kd4 Nc8 69. Ra6+ Kf7 70. Kd5 Ne7+ 71. Kd6 Ng8
72. Ra7+ Kg6 73. Ke6 Nh6 74. Ke7 Ng8+ 75. Kf8 Nh6 76. Rg7# 1-0

[Event "Lichtenberger Sommer 2016"]
[Site "?"]
[Date "2016.08.13"]
[Round "1.24"]
[White "Grassi, Fabrizio"]
[Black "Frohberg, Marco"]
[Result "0-1"]
[WhiteElo "1839"]
[BlackElo "2197"]
[PlyCount "124"]
[EventDate "2016.??.??"]
[WhiteTeam "SV Berlin-Friedrichstadt"]
[BlackTeam "Lübecker SV"]

1. d4 d5 2. Bf4 Nf6 3. e3 c5 4. c3 Qb6 5. Qb3 Nc6 6. Nd2 Bf5 7. dxc5 Qxb3 8.
axb3 e5 9. Bg3 Bxc5 10. b4 Bd6 11. b5 Ne7 12. Ngf3 Nd7 13. Be2 f6 14. Nb3 Nb6
15. Na5 O-O-O 16. O-O Kb8 17. Rac1 h5 18. c4 dxc4 19. Nxc4 Nxc4 20. Bxc4 g5 21.
h4 g4 22. Nd2 Bc7 23. Nb3 Bb6 24. Rcd1 Bc2 25. Rxd8+ Rxd8 26. Bf7 Nf5 27. Kh2
Nd6 28. Rc1 Nxf7 29. Rxc2 Rd5 30. Rd2 Rxd2 31. Nxd2 Nd6 32. Kg1 Ba5 33. Nb3 Bb4
34. b6 axb6 35. Nc1 Ne4 36. Nd3 Bd6 37. Kf1 Nxg3+ 38. fxg3 e4 39. Nf4 Bxf4 40.
gxf4 g3 41. Ke2 Kc7 42. Kd2 Kd6 43. Kc3 Kc5 44. b3 Kb5 45. Kd4 Kb4 46. Kxe4
Kxb3 47. Kd3 b5 48. e4 b4 49. e5 fxe5 50. fxe5 Ka2 51. e6 b3 52. e7 b2 53. e8=Q
b1=Q+ 54. Kd2 Qb2+ 55. Kd3 b5 56. Qxh5 Qxg2 57. Qf7+ Kb2 58. Qf6+ Kb1 59. Qg5
Qf1+ 60. Ke3 Qf2+ 61. Kd3 b4 62. Qd5 Qc2+ 0-1

[Event "Lichtenberger Sommer 2016"]
[Site "?"]
[Date "2016.08.13"]
[Round "1.25"]
[White "Simon, Ralf-Axel"]
[Black "Krusemark, Gerhard"]
[Result "1/2-1/2"]
[WhiteElo "2162"]
[BlackElo "1795"]
[PlyCount "96"]
[EventDate "2016.??.??"]
[WhiteTeam "TSG Neuruppin"]
[BlackTeam "TSG Fredersdorf/Vogelsdorf"]

1. Nf3 Nf6 2. c4 g6 3. Nc3 Bg7 4. e4 d6 5. d4 O-O 6. Be2 Nbd7 7. O-O c6 8. Be3
Re8 9. Qc2 Qc7 10. Rac1 b6 11. d5 Bb7 12. dxc6 Qxc6 13. Nd4 Qc8 14. h3 Ne5 15.
b3 a6 16. f4 Nc6 17. Nxc6 Qxc6 18. Bf3 Qc7 19. Qf2 b5 20. cxb5 axb5 21. Nxb5
Qa5 22. Nc7 Nxe4 23. Bxe4 Bxe4 24. Nxe8 Rxe8 25. Bd4 f6 26. Qe2 d5 27. Bc3 Qb6+
28. Qf2 Qd6 29. b4 Rf8 30. Qc5 Qd7 31. Bb2 Bd3 32. Rfd1 Be4 33. b5 Bh6 34. Rf1
Bd3 35. Rfd1 Be4 36. Rf1 Bd3 37. Rfe1 Be4 38. Qf2 Qxb5 39. Bd4 Qa4 40. Be3 Ra8
41. Re2 Rd8 42. Rd2 Bg7 43. Rc7 Re8 44. Rb2 Kf7 45. Qe1 Qa6 46. Ra7 Qd3 47. Bc5
h5 48. Ra3 Qc4 1/2-1/2